Adobe Dreamweaver CC Classroom in a Book (2018 release /

Creative professionals seeking the fastest, easiest, most comprehensive way to learn Adobe Dreamweaver CC (2018 release) choose Adobe Dreamweaver CC Classroom in a Book (2018 release) from the best-selling series of hands-on software training workbooks from Adobe Press. The 12 project-based step-by-...

Full description

Bibliographic Details
Main Author: Maivald, Jim (Author)
Corporate Author: Safari, an O'Reilly Media Company
Format: eBook
Language:English
Published: Adobe Press, 2018.
Edition:1st edition.
Subjects:
Online Access:Connect to this electronic resource

MARC

Tag First Indicator Second Indicator Subfields
LEADER 00000uam a2200000 a 4500
001 in00004144821
005 20260128223550.0
006 m o d
007 cr cn
008 211217s2018 xx o eng
020 |z 9780134872179 
020 |z 9780134852522 
035 |a (CaSebORM)9780134872179 
040 |d UtOrBLW 
041 0 |a eng 
100 1 |a Maivald, Jim,  |e author. 
245 1 0 |a Adobe Dreamweaver CC Classroom in a Book (2018 release /  |c Maivald, Jim. 
250 |a 1st edition. 
264 1 |b Adobe Press,  |c 2018. 
300 |a 1 online resource (433 pages) 
336 |a text  |b txt  |2 rdacontent 
337 |a computer  |b c  |2 rdamedia 
338 |a online resource  |b cr  |2 rdacarrier 
347 |a text file 
520 |a Creative professionals seeking the fastest, easiest, most comprehensive way to learn Adobe Dreamweaver CC (2018 release) choose Adobe Dreamweaver CC Classroom in a Book (2018 release) from the best-selling series of hands-on software training workbooks from Adobe Press. The 12 project-based step-by-step lessons in this book show users the key techniques for working in Dreamweaver. Learn how to create webpages for the modern web with a minimum of hand coding; incorporate graphics, and text; add links to text and images; add interactive elements to your sites, such as HTML5-compatible interactivity; work with the latest HTML5 and CSS3 code and structures; and publish a finished site to the web. Four additional online lessons provide valuable hands-on experience in working with code and how to use and customize web frameworks to build a fully responsive site design to support a wide variety of desktop computers and mobile devices. The online assets also include three bonus exercises for HTML and Cascading Style Sheets, and creating web assets, essential to your understanding of web design and website development. That's 16 total lessons chock full of invaluable information and real world examples. The online companion files include all the necessary assets for readers to complete the projects featured in each lesson as well as ebook updates when Adobe releases relevant new features for Creative Cloud customers. All buyers of the book get full access to the Web Edition: a Web-based version of the complete ebook enhanced with video and multiple-choice quizzes. 
533 |a Electronic reproduction.  |b Boston, MA :  |c Safari,  |n Available via World Wide Web. 
538 |a Mode of access: World Wide Web. 
542 |f Copyright © Adobe Press 
588 |a Online resource; Title from title page (viewed February 20, 2018) 
500 |a Electronic resource. 
655 7 |a Electronic books.  |2 local 
710 2 |a Safari, an O'Reilly Media Company. 
856 4 0 |u https://proxy.library.tamu.edu/login?url=https://go.oreilly.com/TAMU/library/view/-/9780134872179/?ar  |z Connect to this electronic resource  |t 0 
999 f f |s 1c61e63d-11a2-3b7f-bcc5-3b5dd4fb0367  |i dedc7178-02c5-34ea-9036-7b7e9390f3b5  |t 0 
952 f f |a Texas A&M University  |b College Station  |c Electronic Resources  |s www_evans  |d Available Online  |t 0  |h No information provided 
998 f f |t 0  |l Available Online